| 000 | 00552nam a2200169Ia 4500 | ||
|---|---|---|---|
| 003 | 0 | ||
| 005 | 20250214134406.0 | ||
| 008 | 140724s9999 xx 000 0 und d | ||
| 050 |
_aTK 3001 _b.C744 2009 |
||
| 100 | _aConcordia, Jade-Andrei G. | ||
| 245 | 4 |
_aThe online automated billing system of GO37 Hardware / _cJade-Andrei G. Concordia. |
|
| 260 |
_aLas PiƱas, Philippines : _bSouthville International School and Colleges, _cc2009. |
||
| 300 |
_a71 p. : _bill. ; _c28 cm. |
||
| 521 | _aInformation Technology | ||
| 942 |
_cTH _2lcc |
||
| 999 |
_c229230 _d229230 |
||